हस्तसामुद्रिक विज्ञान / (Record no. 27878)

MARC details
000 -LEADER
fixed length control field 01101nam a22002537a 4500
005 - DATE AND TIME OF LATEST TRANSACTION
control field 20090624150456.0
008 - FIXED-LENGTH DATA ELEMENTS--GENERAL INFORMATION
fixed length control field 090624t xxu||||| |||| 00| 0 mar d
010 ## - LCCN (DPL NO)
LC control number MAR-20076
020 ## - INTERNATIONAL STANDARD BOOK NUMBER
International Standard Book Number 9788174252449
Terms of availability 150.00
035 ## - SYSTEM CONTROL NUMBER
System control number MR-12734
037 ## - SOURCE OF ACQUISITION
Source of stock number/acquisition DBAD / PUB
040 ## - CATALOGING SOURCE
Original cataloging agency DPL
Language of cataloging MR
082 ## - DEWEY DECIMAL CLASSIFICATION NUMBER
Classification number 133.6
100 ## - MAIN ENTRY--PERSONAL NAME
Personal name कटककर,एम
245 ## - TITLE STATEMENT
Title हस्तसामुद्रिक विज्ञान /
Statement of responsibility, etc एम कटककर
246 ## - VARYING FORM OF TITLE
Title proper/short title Hastsamudrik Vigyan
Remainder of title by M. Katakkar
260 ## - PUBLICATION, DISTRIBUTION, ETC. (IMPRINT)
Place of publication, distribution, etc पुणे
Name of publisher, distributor, etc उत्कर्ष प्रकाशन
Date of publication, distribution, etc 2009
270 ## - ADDRESS
Address 685,डेक्कन जिमखाना
City पुणे
Postal code 4110004
Telephone number 25537958,25532479
300 ## - PHYSICAL DESCRIPTION
Extent चौदा,156 पृ
Dimensions 21 सेमी(अजिल्द)
650 ## - SUBJECT ADDED ENTRY--TOPICAL TERM
Topical term or geographic name as entry element हस्तविज्ञान शास्त्र
650 ## - SUBJECT ADDED ENTRY--TOPICAL TERM
Topical term or geographic name as entry element Palmistry
942 ## - ADDED ENTRY ELEMENTS (KOHA)
Source of classification or shelving scheme Dewey Decimal Classification
Item type Marathi Books
Call number suffix कटक
Classification part 133.6
Holdings
Withdrawn status Lost status Source of classification or shelving scheme Damaged status Not for loan Collection code Home library Current library Date acquired Source of acquisition Cost, normal purchase price Total Checkouts Full call number Barcode Date last seen Copy number Cost, replacement price Koha item type
    Dewey Decimal Classification   Not For Loan Non-fiction D.B.Act.Division D.B.Act.Division 25/06/2009 DBAD / PUB 150.00   133.6 कटक MR-12734 25/06/2009 1 150.00 Marathi Books

© Delhi Public Library
Hit Counter
free hit counter